[Event "34 Open Internacional Ciudad de San Seba"]
[Site "Donostia-San Sebastian"]
[Date "2011.04.20"]
[Round "5"]
[White "Pressman, Leif"]
[Black "Pogorelov, Ruslan"]
[Result "1/2-1/2"]
[WhiteElo "2198"]
[BlackElo "2430"]
[PlyCount "131"]
[EventDate "2011.04.16"]
[EventRounds "9"]
[EventCountry "ESP"]

1. d4 Nf6 2. c4 e6 3. g3 Bb4+ 4. Bd2 Be7 5. Bg2 d5 6. Nf3 c6 7. O-O O-O 8. Qc2
b6 9. Bf4 Nbd7 10. Rd1 Bb7 11. Nc3 dxc4 12. Nd2 Nd5 13. Nxc4 Nxf4 14. gxf4 Nf6
15. Ne5 Nd5 16. Nxd5 cxd5 17. Rac1 Bd6 18. e3 g6 19. a3 Qe7 20. Qa4 a6 21. Qd7
Rfc8 22. Qxe7 Bxe7 23. Nc4 Rc6 24. Ne5 Rxc1 25. Rxc1 Rc8 26. Rxc8+ Bxc8 27. Bf1
f6 28. Nc6 Bd6 29. Nb4 a5 30. Na2 Kf7 31. Nc3 Bb7 32. Bb5 e5 33. fxe5 fxe5 34.
Ne2 Kf6 35. Kg2 g5 36. h3 h5 37. f3 h4 38. dxe5+ Bxe5 39. Nd4 Bc8 40. b3 Bxd4
41. exd4 Kf5 42. Kf2 Kf4 43. Bf1 Bf5 44. b4 axb4 45. axb4 Bd7 46. Bg2 Bb5 47.
Bh1 Bc4 48. Bg2 Bd3 49. Bh1 Kf5 50. Bg2 Ke6 51. Ke3 Bf5 52. Bf1 Kd6 53. Kd2 Be6
54. Ke3 Kc6 55. Kd2 Kd6 56. Ke3 Bd7 57. Kd2 Ba4 58. b5 Ke6 59. Bd3 Bb3 60. Ke2
Bc4 61. Kd2 Bxd3 62. Kxd3 Kf6 63. Ke2 Kg6 64. Kf2 Kf6 65. Ke2 Kg6 66. Kf2
1/2-1/2

[Event "34 Open Internacional Ciudad de San Seba"]
[Site "Donostia-San Sebastian"]
[Date "2011.04.20"]
[Round "5"]
[White "Collins, Sam E"]
[Black "Velten, Paul"]
[Result "1/2-1/2"]
[WhiteElo "2426"]
[BlackElo "2281"]
[PlyCount "135"]
[EventDate "2011.04.16"]
[EventRounds "9"]
[EventCountry "ESP"]

1. d4 d5 2. c4 dxc4 3. e3 Nf6 4. Bxc4 e6 5. Nf3 a6 6. O-O b5 7. Bd3 Bb7 8. a4
b4 9. Nbd2 c5 10. Nc4 Nc6 11. dxc5 Bxc5 12. e4 h6 13. e5 Nd5 14. a5 Qe7 15. Qe2
g5 16. Be3 Nxe3 17. fxe3 Qc7 18. Rad1 O-O-O 19. Nd6+ Bxd6 20. exd6 Rxd6 21.
Bxa6 Rhd8 22. Ra1 g4 23. Bxb7+ Qxb7 24. Nd4 Nxd4 25. exd4 Rxd4 26. a6 Qb6 27.
Kh1 R8d7 28. Qe5 Rc7 29. Qh8+ Rd8 30. Qxh6 Kb8 31. Qg5 Qd4 32. Qb5+ Ka7 33. Qe2
Rcd7 34. Rac1 g3 35. Rc4 Qb6 36. hxg3 f5 37. Qe5 Kxa6 38. Ra1+ Kb7 39. Qc5 Rd1+
40. Rxd1 Rxd1+ 41. Kh2 Qxc5 42. Rxc5 Kb6 43. Re5 Rd6 44. Kh3 Kc6 45. g4 Rd3+
46. g3 Kd6 47. Rb5 fxg4+ 48. Kxg4 Rb3 49. Kf4 Rxb2 50. g4 b3 51. Ke4 Kc6 52.
Rb8 Kc5 53. g5 Kc4 54. Rc8+ Kb4 55. Rb8+ Kc3 56. Rc8+ Kd2 57. g6 Rc2 58. Rd8+
Kc1 59. g7 Rg2 60. Rc8+ Kd2 61. Rd8+ Kc2 62. Rc8+ Kd2 63. g8=Q Rxg8 64. Rxg8 b2
65. Rg2+ Kc3 66. Rxb2 Kxb2 67. Ke5 Kc2 68. Kxe6 1/2-1/2

[Event "34 Open Internacional Ciudad de San Seba"]
[Site "Donostia-San Sebastian"]
[Date "2011.04.20"]
[Round "5"]
[White "Bas Mas, Jose Joaquin"]
[Black "Huerga Leache, Mikel"]
[Result "0-1"]
[WhiteElo "2150"]
[BlackElo "2440"]
[PlyCount "64"]
[EventDate "2011.04.16"]
[EventRounds "9"]
[EventCountry "ESP"]

1. e4 c5 2. Nf3 Nc6 3. c4 e6 4. d4 cxd4 5. Nxd4 Nf6 6. Nc3 Bb4 7. Nxc6 bxc6 8.
Bd3 e5 9. O-O O-O 10. Bd2 Bc5 11. Na4 Bd4 12. Bc3 c5 13. Bxd4 cxd4 14. b4 d6
15. Qe2 Bg4 16. Qd2 Nh5 17. f3 Bd7 18. Nb2 Rc8 19. Rac1 Be6 20. a3 Nf4 21. g3
Nxd3 22. Qxd3 Bh3 23. Rf2 f5 24. f4 fxe4 25. Qxe4 d5 26. Qxe5 dxc4 27. Qh5 Be6
28. f5 Qd5 29. Rxc4 Rxc4 30. Nxc4 Bf7 31. Qg5 Qxc4 32. f6 Bg6 0-1

[Event "34 Open Internacional Ciudad de San Seba"]
[Site "Donostia-San Sebastian"]
[Date "2011.04.20"]
[Round "5"]
[White "Santos Etxepare, Agustin"]
[Black "Arri Martinez, Iker"]
[Result "0-1"]
[WhiteElo "1575"]
[BlackElo "1680"]
[PlyCount "68"]
[EventDate "2011.04.16"]
[EventRounds "9"]
[EventCountry "ESP"]

1. d4 d6 2. c4 Nf6 3. Nc3 Nbd7 4. e4 e5 5. d5 Be7 6. Be2 O-O 7. Nf3 Nc5 8. Qc2
c6 9. b4 Ncd7 10. O-O Qc7 11. a3 b5 12. Nd2 bxc4 13. dxc6 Qxc6 14. Bxc4 Nb6 15.
Bb5 Qc7 16. f3 a6 17. Be2 Bb7 18. Bb2 d5 19. Rac1 Rac8 20. Qb3 Qd6 21. Rfd1 d4
22. Na4 Nh5 23. Nxb6 Qxb6 24. Nc4 Qg6 25. Nxe5 Qg5 26. Bxd4 Rxc1 27. Rxc1 Qxc1+
28. Kf2 Qg5 29. Bc4 Qd2+ 30. Kf1 Qxd4 31. Bxf7+ Kh8 32. Qe6 Bf6 33. Nd7 Qd1+
34. Kf2 Bd4# 0-1

[Event "34 Open Internacional Ciudad de San Seba"]
[Site "Donostia-San Sebastian"]
[Date "2011.04.20"]
[Round "5"]
[White "Bottema, Martin"]
[Black "Debray, Christopher"]
[Result "0-1"]
[WhiteElo "2074"]
[BlackElo "2381"]
[PlyCount "64"]
[EventDate "2011.04.16"]
[EventRounds "9"]
[EventCountry "ESP"]

1. c4 e6 2. Nc3 Bb4 3. Qb3 c5 4. a3 Bxc3 5. Qxc3 Nf6 6. Nf3 O-O 7. e3 b6 8. Be2
Bb7 9. O-O d6 10. b3 e5 11. Bb2 Nc6 12. Rad1 Re8 13. d3 d5 14. cxd5 Nxd5 15.
Qc2 Qd6 16. Rfe1 Qg6 17. Nh4 Qh6 18. Nf5 Qe6 19. Ng3 Rad8 20. Bf1 Qg6 21. Bc3
h5 22. h4 Qf6 23. Nxh5 Qxh4 24. Ng3 g6 25. Ne4 f5 26. Nd2 Kg7 27. g3 Qh6 28.
Bg2 Rh8 29. Kf1 Rde8 30. Qb2 Nxc3 31. Qxc3 Qh5 32. Nc4 Qg4 {ilegible} 0-1

[Event "34 Open Internacional Ciudad de San Seba"]
[Site "Donostia-San Sebastian"]
[Date "2011.04.20"]
[Round "5"]
[White "Alvarez Fernandez, Enrique"]
[Black "Aranaz Portugues, Jose Carlos"]
[Result "1-0"]
[WhiteElo "2374"]
[BlackElo "2130"]
[PlyCount "76"]
[EventDate "2011.04.16"]
[EventRounds "9"]
[EventCountry "ESP"]

1. d4 e6 2. Nf3 f5 3. c4 Nf6 4. Bf4 Bb4+ 5. Nbd2 b6 6. e3 Bb7 7. Be2 O-O 8. O-O
h6 9. h3 Nc6 10. Bh2 Rc8 11. a3 Bxd2 12. Nxd2 Ne7 13. Bf3 Ne4 14. Nxe4 fxe4 15.
Be2 Nf5 16. Rc1 Qe7 17. b4 Nh4 18. Bg3 Qg5 19. Bg4 Rf7 20. d5 exd5 21. cxd5 Ba6
22. Be2 Bb7 23. Bc4 d6 24. Qg4 Nf5 25. Qxg5 hxg5 26. Bh2 Rcf8 27. Rfd1 Ne7 28.
Rd2 Rf5 29. Rcd1 Ng6 30. Bg3 Ne5 31. Be2 g6 32. Rd4 Kg7 33. Rxe4 R8f7 34. Red4
Kh6 35. Rc1 Re7 36. e4 Rff7 37. f3 Bc8 38. Rc3 Bb7 {ilegible} 1-0

[Event "34 Open Internacional Ciudad de San Seba"]
[Site "Donostia-San Sebastian"]
[Date "2011.04.20"]
[Round "5"]
[White "Nyysti, Sampsa"]
[Black "Perez Calahorra, Ricardo"]
[Result "1-0"]
[WhiteElo "2365"]
[BlackElo "2117"]
[PlyCount "83"]
[EventDate "2011.04.16"]
[EventRounds "9"]
[EventCountry "ESP"]

1. e4 e5 2. Nf3 Nc6 3. Bb5 a6 4. Ba4 Nf6 5. O-O Nxe4 6. d4 b5 7. Bb3 d5 8. dxe5
Be6 9. Be3 Na5 10. Nbd2 Nxb3 11. axb3 Nxd2 12. Qxd2 c5 13. b4 d4 14. Bg5 Qd5
15. Rfd1 h6 16. Bh4 g5 17. Bg3 g4 18. Nh4 c4 19. Qf4 O-O-O 20. Rxa6 Bxb4 21.
Nf5 Kb7 22. Rda1 d3 23. Ra7+ Kb8 24. cxd3 Qxd3 25. Nd6 Bd5 26. Qxf7 Bxd6 27.
Ra8+ Bxa8 28. exd6 Rh7 29. d7+ Qxg3 30. Rxa8+ Kxa8 31. Qd5+ Ka7 32. Qc5+ Ka6
33. Qc8+ Kb6 34. Qxd8+ Qc7 35. Qf6+ Qc6 36. d8=Q+ Kb7 37. Qff8 Qd7 38. Qb8+ Kc6
39. Qf6+ Kc5 40. Qbe5+ Kb4 41. Qc3+ Kc5 42. Qe3+ 1-0

[Event "34 Open Internacional Ciudad de San Seba"]
[Site "Donostia-San Sebastian"]
[Date "2011.04.20"]
[Round "5"]
[White "Tholey, Jean-Paul"]
[Black "Abello, Sebastien"]
[Result "0-1"]
[WhiteElo "2019"]
[BlackElo "2337"]
[PlyCount "66"]
[EventDate "2011.04.16"]
[EventRounds "9"]
[EventCountry "ESP"]

1. d4 Nf6 2. c4 c5 3. Nf3 cxd4 4. Nxd4 e5 5. Nb5 d5 6. cxd5 Bc5 7. N1c3 O-O 8.
e3 Bf5 9. Bd3 e4 10. Bc2 Bg4 11. Ne2 Nbd7 12. Nbc3 Qe7 13. a3 a6 14. O-O Rac8
15. Bd2 Qe5 16. Qb1 Bxe2 17. Nxe2 Ng4 18. Ng3 f5 19. Bc3 Qd6 20. Qd1 h5 21. Re1
Rce8 22. Bd4 Bxd4 23. Qxd4 Nxh2 24. Nxh5 Ne5 25. Qb4 Qh6 26. Kxh2 Qxh5+ 27. Kg1
Rf6 28. Kf1 Rh6 29. Bxe4 fxe4 30. Qxe4 Ng4 31. Qc4 Nh2+ 32. Kg1 Nf3+ 33. Kf1
Nd2+ 0-1

[Event "34 Open Internacional Ciudad de San Seba"]
[Site "Donostia-San Sebastian"]
[Date "2011.04.20"]
[Round "5"]
[White "Piasetski, Leon"]
[Black "Thomassen, Thomas"]
[Result "1-0"]
[WhiteElo "2299"]
[BlackElo "2049"]
[PlyCount "107"]
[EventDate "2011.04.16"]
[EventRounds "9"]
[EventCountry "ESP"]

1. Nf3 Nf6 2. d4 g6 3. c4 Bg7 4. Nc3 O-O 5. e4 d6 6. Be2 Na6 7. Be3 e5 8. d5
Nc5 9. Nd2 a5 10. a3 b6 11. b4 axb4 12. axb4 Rxa1 13. Qxa1 Ncd7 14. Qa8 Ne8 15.
Kd1 f5 16. f3 Ndf6 17. Kc2 Nh5 18. Ra1 Bf6 19. Nb5 Bd7 20. Qxd8 Bxd8 21. Na7
Be7 22. b5 f4 23. Bf2 Nef6 24. Nc6 Kf7 25. Ra7 Rc8 26. c5 bxc5 27. Nc4 Bxc6 28.
dxc6 Ne8 29. Nb2 Kf6 30. Na4 Bd8 31. Nc3 g5 32. Bc4 Nhg7 33. Nd5+ Kg6 34. Be1
Nf6 35. Ba5 Nxd5 36. exd5 Kf6 37. Bd3 h6 38. Bc3 Ne8 39. Kb3 Rb8 40. Ka4 h5 41.
Ba5 g4 42. Be1 Kg5 43. h4+ gxh3 44. gxh3 h4 45. Kb3 Nf6 46. Kc4 Nh5 47. b6 cxb6
48. Kb5 Rc8 49. Rd7 Bc7 50. Ka6 Nf6 51. Kb7 Re8 52. Rxc7 Nxd5 53. Rh7 e4 54.
Bxe4 1-0

[Event "34 Open Internacional Ciudad de San Seba"]
[Site "Donostia-San Sebastian"]
[Date "2011.04.20"]
[Round "5"]
[White "Sanz Rodero, Mikel"]
[Black "Rabineau, Clement"]
[Result "1/2-1/2"]
[WhiteElo "2011"]
[BlackElo "2291"]
[PlyCount "134"]
[EventDate "2011.04.16"]
[EventRounds "9"]
[EventCountry "ESP"]

1. d4 d6 2. e4 Nf6 3. Nc3 g6 4. Nf3 Bg7 5. Be2 O-O 6. O-O c6 7. h3 Nbd7 8. e5
Ne8 9. Bf4 dxe5 10. dxe5 Nc7 11. Bc4 Nb6 12. Bb3 Qxd1 13. Raxd1 a5 14. a4 Be6
15. Bxe6 Nxe6 16. Bg3 Rfd8 17. Rfe1 Bh6 18. Kf1 Kf8 19. b3 Ke8 20. h4 Rd7 21.
Rxd7 Nxd7 22. Ne4 Ndc5 23. Neg5 Bxg5 24. Nxg5 Nxg5 25. hxg5 Rd8 26. Bf4 Rd5 27.
g3 Ne6 28. Re2 Rd1+ 29. Kg2 Nd4 30. Rd2 Rxd2 31. Bxd2 Nxc2 32. Bxa5 Nd4 33. b4
b5 34. Bb6 Nc2 35. axb5 cxb5 36. Bc5 Ne1+ 37. Kf1 Nd3 38. Ke2 Nxe5 39. Ke3 Kd7
40. Ke4 Nc6 41. f4 Nb8 42. Kd5 Na6 43. Kd4 Ke6 44. g4 f6 45. gxf6 exf6 46. Bf8
Nb8 47. f5+ gxf5 48. gxf5+ Kxf5 49. Kc5 Kg4 50. Bd6 Na6+ 51. Kc6 f5 52. Kxb5
Nxb4 53. Kxb4 Kf3 54. Kc3 Ke3 55. Bc5+ Kf3 56. Kd2 h5 57. Ke1 Kg2 58. Bd6 h4
59. Ke2 h3 60. Be5 Kg1 61. Kf3 Kh1 62. Bf4 Kg1 63. Be5 Kh1 64. Bf4 Kg1 65. Be5
f4 66. Bxf4 h2 67. Bxh2+ Kxh2 1/2-1/2

[Event "34 Open Internacional Ciudad de San Seba"]
[Site "Donostia-San Sebastian"]
[Date "2011.04.20"]
[Round "5"]
[White "Lillo Castay, Victor"]
[Black "Houweling, Bert"]
[Result "1-0"]
[WhiteElo "2281"]
[BlackElo "2027"]
[PlyCount "65"]
[EventDate "2011.04.16"]
[EventRounds "9"]
[EventCountry "ESP"]

1. e4 c5 2. Nf3 Nc6 3. d4 cxd4 4. Nxd4 e5 5. Nb5 d6 6. N1c3 a6 7. Na3 Be6 8.
Nc4 Be7 9. Be3 b5 10. Nb6 Rb8 11. Nbd5 Nf6 12. Be2 O-O 13. O-O b4 14. Nxf6+
Bxf6 15. Nd5 a5 16. Nxf6+ gxf6 17. f4 exf4 18. Rxf4 Kh8 19. Qd2 Ne5 20. Raf1
Rg8 21. Rxf6 Bh3 22. R6f2 Qh4 23. Qxd6 f6 24. Bf4 Rbd8 25. Qb6 Nf3+ 26. Bxf3
Qxf4 27. Qxa5 Qe3 28. Qh5 Bxg2 29. Bxg2 Rd2 30. Qh4 Rxf2 31. Qxf2 Qxe4 32.
Qxf6+ Rg7 33. Qxg7+ 1-0

[Event "34 Open Internacional Ciudad de San Seba"]
[Site "Donostia-San Sebastian"]
[Date "2011.04.20"]
[Round "5"]
[White "Hernandez, Elvis"]
[Black "Rabin, Evan Z"]
[Result "1-0"]
[WhiteElo "2276"]
[BlackElo "2035"]
[PlyCount "67"]
[EventDate "2011.04.16"]
[EventRounds "9"]
[EventCountry "ESP"]

1. e4 c6 2. d4 d5 3. f3 e6 4. Nc3 Nf6 5. e5 Nfd7 6. f4 a6 7. Nf3 c5 8. Ne2 Nc6
9. g3 Be7 10. Bh3 cxd4 11. Nexd4 Nc5 12. O-O g6 13. Be3 Bd7 14. Qe2 Rc8 15. c3
Ne4 16. Nxc6 Bxc6 17. Nd4 Bc5 18. Qc2 b5 19. Qd3 Be7 20. Bg2 Nc5 21. Qe2 h5 22.
h3 Na4 23. Qf2 Nc5 24. Rad1 Qc7 25. f5 gxf5 26. Nxf5 exf5 27. Bxc5 Bd7 28. Bxe7
Kxe7 29. Bxd5 Rh6 30. Kh2 h4 31. Rg1 Rch8 32. Qf4 Be6 33. Qg5+ Ke8 34. Bc6+ 1-0

[Event "34 Open Internacional Ciudad de San Seba"]
[Site "Donostia-San Sebastian"]
[Date "2011.04.20"]
[Round "5"]
[White "Prieto Aranguren, Alain"]
[Black "Lopez Heras, Arturo"]
[Result "1-0"]
[WhiteElo "2219"]
[BlackElo "2002"]
[PlyCount "56"]
[EventDate "2011.04.16"]
[EventRounds "9"]
[EventCountry "ESP"]

1. e4 e5 2. Nf3 Nc6 3. Bc4 Bc5 4. b4 Bxb4 5. c3 Bd6 6. d4 Qe7 7. O-O Nf6 8. d5
Na5 9. Bd3 O-O 10. Nh4 Ne8 11. Nf5 Qf6 12. h4 Kh8 13. g4 Bc5 14. g5 Qb6 15. Ne3
c6 16. h5 d6 17. Qf3 Qd8 18. Nf5 Bxf5 19. Qxf5 g6 20. Qh3 Ng7 21. Be2 cxd5 22.
exd5 Nxh5 23. Bxh5 gxh5 24. Qxh5 Rg8 25. Kg2 Qf6 26. f4 exf4 27. Bxf4 Qg6 28.
Qxg6 fxg6 {ilegible} 1-0

[Event "34 Open Internacional Ciudad de San Seba"]
[Site "Donostia-San Sebastian"]
[Date "2011.04.20"]
[Round "5"]
[White "Fernandez Garcia, Javier"]
[Black "Diez Fraile, David"]
[Result "0-1"]
[WhiteElo "1976"]
[BlackElo "2165"]
[PlyCount "92"]
[EventDate "2011.04.16"]
[EventRounds "9"]
[EventCountry "ESP"]

1. d4 Nf6 2. Nf3 g6 3. Nc3 Bg7 4. e4 d6 5. Be3 c6 6. Qd2 Qa5 7. Bd3 Nbd7 8. Bh6
Bxh6 9. Qxh6 Qh5 10. Qe3 Nb6 11. O-O-O Bg4 12. Be2 Bxf3 13. Bxf3 Qa5 14. e5
dxe5 15. dxe5 Nc4 16. Qd4 Nxe5 17. Rhe1 Ned7 18. Ne4 O-O-O 19. Nxf6 Nxf6 20.
Qc4 e6 21. Kb1 Rxd1+ 22. Rxd1 Rd8 23. Rxd8+ Qxd8 24. Qf4 Qe7 25. a4 h5 26. a5
a6 27. Qd4 Nd7 28. Qh8+ Kc7 29. Qd4 e5 30. Qc4 f5 31. Qg8 e4 32. Be2 Qb4 33. c3
Qd6 34. Kc2 Ne5 35. Qg7+ Kb8 36. Qg8+ Ka7 37. Qb3 Qc5 38. Qe6 Qxf2 39. Qxe5
Qxe2+ 40. Kc1 Qf1+ 41. Kc2 Qxg2+ 42. Kb3 Qg1 43. Kb4 Qe3 44. c4 c5+ 45. Ka4 Qd4
46. Qe6 Qxb2 0-1

[Event "34 Open Internacional Ciudad de San Seba"]
[Site "Donostia-San Sebastian"]
[Date "2011.04.20"]
[Round "5"]
[White "Verkasalo, Tommi"]
[Black "Rodriguez Montes, Sostenes"]
[Result "1-0"]
[WhiteElo "2156"]
[BlackElo "1770"]
[PlyCount "47"]
[EventDate "2011.04.16"]
[EventRounds "9"]
[EventCountry "ESP"]

1. e4 c5 2. Nc3 Nc6 3. f4 g6 4. Nf3 Bg7 5. Bb5 a6 6. Bxc6 bxc6 7. O-O d6 8. d3
Nf6 9. e5 dxe5 10. fxe5 Nd5 11. Ne4 Bg4 12. Qe1 Nb4 13. Qe2 Bxe5 14. Bh6 f6 15.
h3 Bxf3 16. Rxf3 Qd4+ 17. Kh1 Qxb2 18. Re1 O-O-O 19. a3 Nd5 20. d4 Qxd4 21.
Qxa6+ Kd7 22. c3 Nxc3 23. Rxc3 Rb8 24. Rd3 1-0

[Event "34 Open Internacional Ciudad de San Seba"]
[Site "Donostia-San Sebastian"]
[Date "2011.04.20"]
[Round "5"]
[White "Santos Latasa, Jaime"]
[Black "Etxagibel Larranaga, Asier"]
[Result "1-0"]
[WhiteElo "2227"]
[BlackElo "1990"]
[PlyCount "87"]
[EventDate "2011.04.16"]
[EventRounds "9"]
[EventCountry "ESP"]

1. e4 c5 2. Nf3 d6 3. d4 cxd4 4. Qxd4 Nc6 5. Bb5 Qa5+ 6. Nc3 Qxb5 7. Nxb5 Nxd4
8. Nfxd4 Kd8 9. Bg5 Nf6 10. f3 a6 11. Nc3 e6 12. a4 Bd7 13. a5 Rc8 14. Ke2 Be7
15. Rhd1 Kc7 16. Nb3 Kb8 17. e5 Nd5 18. Bxe7 Nxe7 19. Rxd6 Bc6 20. Kf2 Ng6 21.
Re1 Kc7 22. Rd4 h5 23. h4 Rhd8 24. g3 Rxd4 25. Nxd4 Rd8 26. Nxc6 Kxc6 27. f4
Ne7 28. Ne4 Nf5 29. c3 Kb5 30. b4 Kc4 31. Ke2 Rd5 32. Rc1 Rd8 33. Nd2+ Kb5 34.
Rg1 f6 35. exf6 gxf6 36. Ne4 Rg8 37. Kf2 Rg6 38. Rd1 Kc4 39. Rd7 e5 40. Kf3
exf4 41. Kxf4 Nh6 42. Rxb7 Rg4+ 43. Kf3 f5 44. Rc7+ 1-0

[Event "34 Open Internacional Ciudad de San Seba"]
[Site "Donostia-San Sebastian"]
[Date "2011.04.20"]
[Round "5"]
[White "Newrkla, Alexander"]
[Black "Krulich, Roman"]
[Result "1/2-1/2"]
[WhiteElo "1962"]
[BlackElo "2225"]
[PlyCount "50"]
[EventDate "2011.04.16"]
[EventRounds "9"]
[EventCountry "ESP"]

1. e4 c5 2. d4 cxd4 3. c3 Nf6 4. e5 Nd5 5. cxd4 d6 6. Nf3 Nc6 7. Bc4 Nb6 8. Qb3
Nxc4 9. Qxc4 dxe5 10. Nxe5 Nxe5 11. dxe5 Be6 12. Qb5+ Bd7 13. Qxb7 Qa5+ 14. Nc3
Qxe5+ 15. Be3 Rb8 16. Qxa7 Bc6 17. O-O Rb7 18. Qa8+ Qb8 19. Qxb8+ Rxb8 20. b3
e6 21. Rfd1 Ba3 22. Na4 Rb5 23. Nb6 Ke7 24. Nc4 Bb4 25. Rac1 Rd5 1/2-1/2

[Event "34 Open Internacional Ciudad de San Seba"]
[Site "Donostia-San Sebastian"]
[Date "2011.04.20"]
[Round "5"]
[White "Aranaz Murillo, Amalia"]
[Black "Baron, Romuald"]
[Result "0-1"]
[WhiteElo "2164"]
[BlackElo "1950"]
[PlyCount "74"]
[EventDate "2011.04.16"]
[EventRounds "9"]
[EventCountry "ESP"]

1. Nf3 d5 2. d4 Nf6 3. c4 c6 4. Qc2 dxc4 5. Qxc4 Bf5 6. g3 e6 7. Bg2 Be7 8. O-O
O-O 9. e3 Nbd7 10. Qe2 Rc8 11. Rd1 Qb6 12. Nc3 Ne4 13. Nxe4 Bxe4 14. Ne5 Nxe5
15. Bxe4 Ng6 16. b3 e5 17. dxe5 Nxe5 18. Bb2 Ng6 19. h4 f5 20. Bc2 Bf6 21. Bxf5
Bxb2 22. Be6+ Kh8 23. Qxb2 Rce8 24. Rd7 Rf6 25. Bf7 Rf8 26. Bxg6 Rxg6 27. Qd4
c5 28. Qe4 Qf6 29. Rf1 Rxg3+ 30. Kh2 Rf3 31. Rd2 h6 32. Kg2 b5 33. Qg4 g5 34.
hxg5 hxg5 35. Qe4 Kg8 36. Qd5+ Kg7 37. Qxc5 Rg3+ 0-1

[Event "34 Open Internacional Ciudad de San Seba"]
[Site "Donostia-San Sebastian"]
[Date "2011.04.20"]
[Round "5"]
[White "Garro Beraza, Julen"]
[Black "Valenti, Giuseppe"]
[Result "1-0"]
[WhiteElo "1889"]
[BlackElo "2143"]
[PlyCount "77"]
[EventDate "2011.04.16"]
[EventRounds "9"]
[EventCountry "ESP"]

1. e4 g6 2. d4 Bg7 3. Nc3 b6 4. Be3 Bb7 5. Qd2 e6 6. f3 h6 7. Nge2 Ne7 8. g4 d5
9. e5 a6 10. O-O-O Nd7 11. Rg1 c5 12. f4 Nc6 13. Bh3 Qc7 14. f5 g5 15. fxe6
fxe6 16. Qd3 O-O-O 17. Rgf1 cxd4 18. Nxd4 Ndxe5 19. Qe2 Rde8 20. Nxe6 Rxe6 21.
Nxd5 Qb8 22. Nxb6+ Kc7 23. Rf7+ Ne7 24. Rxg7 Bf3 25. Qd2 Rd8 26. Qc3+ Kb7 27.
Rf1 Qd6 28. b4 Kb8 29. Bc5 Qc6 30. Qa3 Be2 31. Re1 N7g6 32. Qg3 Nf4 33. Kb1 Nf3
34. Rc1 Nd2+ 35. Ka1 Ne4 36. Qb3 Nf2 37. Bf1 Qd5 38. Qc3 Nxg4 39. Bd6+ 1-0

[Event "34 Open Internacional Ciudad de San Seba"]
[Site "Donostia-San Sebastian"]
[Date "2011.04.20"]
[Round "5"]
[White "Navarrete Espi, Samuel"]
[Black "Miguelez Garcia, Erlantz"]
[Result "1-0"]
[WhiteElo "2127"]
[BlackElo "1957"]
[PlyCount "57"]
[EventDate "2011.04.16"]
[EventRounds "9"]
[EventCountry "ESP"]

1. e4 e5 2. Nf3 Nc6 3. Bb5 a6 4. Ba4 Nf6 5. O-O Nxe4 6. Re1 Nc5 7. Bxc6 dxc6 8.
Nxe5 Be6 9. Qh5 Qf6 10. d4 Nd7 11. Bg5 Qf5 12. g4 Qxc2 13. Nxf7 g6 14. Nxh8
gxh5 15. Rxe6+ Be7 16. Rxe7+ Kf8 17. Na3 Qxb2 18. Rae1 Qxa3 19. Bh6+ Kg8 20.
Re8+ Rxe8 21. Rxe8+ Nf8 22. g5 Qc1+ 23. Kg2 Qf4 24. Rxf8+ Qxf8 25. Bxf8 Kxf8
26. g6 Kg7 27. Nf7 hxg6 28. Nd8 Kf6 29. Nxb7 1-0

[Event "34 Open Internacional Ciudad de San Seba"]
[Site "Donostia-San Sebastian"]
[Date "2011.04.20"]
[Round "5"]
[White "Tirado Parra, Alberto"]
[Black "Diaz Herrero, Alvaro"]
[Result "1/2-1/2"]
[WhiteElo "1884"]
[BlackElo "2126"]
[PlyCount "34"]
[EventDate "2011.04.16"]
[EventRounds "9"]
[EventCountry "ESP"]

1. b4 c6 2. Bb2 a5 3. b5 cxb5 4. e4 b4 5. a3 d5 6. exd5 Qxd5 7. Nf3 Bg4 8. Be2
Nc6 9. O-O e6 10. axb4 Nxb4 11. Nc3 Qd8 12. Bb5+ Nc6 13. h3 Bh5 14. g4 Bg6 15.
Ne5 Nge7 16. f4 Qd4+ 17. Rf2 f6 1/2-1/2

[Event "34 Open Internacional Ciudad de San Seba"]
[Site "Donostia-San Sebastian"]
[Date "2011.04.21"]
[Round "6"]
[White "Narciso Dublan, Marc"]
[Black "Moreno Ruiz, Javier"]
[Result "0-1"]
[WhiteElo "2551"]
[BlackElo "2527"]
[PlyCount "108"]
[EventDate "2011.04.16"]
[EventRounds "9"]
[EventCountry "ESP"]

1. e4 c5 2. Nc3 g6 3. g3 Bg7 4. Bg2 Nc6 5. d3 d6 6. Be3 Nf6 7. Qc1 Nd4 8. Nd1
Ng4 9. Bd2 O-O 10. h3 Ne5 11. f4 Nec6 12. c3 Nb5 13. Nf3 f5 14. Qc2 Nc7 15.
exf5 gxf5 16. O-O Kh8 17. Nf2 Bd7 18. d4 cxd4 19. Nxd4 Nxd4 20. cxd4 Bc6 21.
Bxc6 bxc6 22. Qxc6 Ne6 23. Qg2 Nxd4 24. Kh2 e5 25. fxe5 dxe5 26. Rad1 e4 27.
Kh1 Qb6 28. Be3 Qxb2 29. Rd2 Qb4 30. h4 Rac8 31. Nh3 Nf3 32. Rd7 Rc3 33. Bg1
Qc4 34. Ng5 Rc2 35. Rf2 Rxf2 36. Qxf2 Ne5 37. Rxg7 Kxg7 38. Qxa7+ Nf7 39. Qe7
Rc8 40. Qd7 e3 41. Bxe3 Qc6+ 42. Qxc6 Rxc6 43. Nf3 Ra6 44. Nd4 Kf6 45. Kg2
Rxa2+ 46. Kf1 Ke5 47. Ne2 Ra3 48. Bf4+ Ke4 49. Ng1 Ra2 50. Ne2 Rc2 51. Ke1 Nd8
52. Kd1 Rc8 53. Ke1 Ne6 54. Bd6 Ke3 0-1

[Event "34 Open Internacional Ciudad de San Seba"]
[Site "Donostia-San Sebastian"]
[Date "2011.04.21"]
[Round "6"]
[White "Gonzalez Perez, Arian"]
[Black "Spraggett, Kevin"]
[Result "1-0"]
[WhiteElo "2458"]
[BlackElo "2576"]
[PlyCount "103"]
[EventDate "2011.04.16"]
[EventRounds "9"]
[EventCountry "ESP"]

1. Nf3 Nf6 2. c4 c5 3. g3 b6 4. Bg2 Bb7 5. O-O e6 6. b3 Be7 7. Bb2 O-O 8. e3 d5
9. Nc3 dxc4 10. bxc4 Nc6 11. Qe2 Rc8 12. d3 a6 13. Rab1 Na5 14. Ba1 Nd7 15.
Rfd1 Bf6 16. Nd2 Bxg2 17. Kxg2 Rb8 18. Nde4 Be7 19. f4 f5 20. Nf2 Qc8 21. Qf3
Qc6 22. g4 g6 23. gxf5 Qxf3+ 24. Kxf3 gxf5 25. e4 Nc6 26. Ne2 fxe4+ 27. Nxe4
Kf7 28. d4 cxd4 29. Nxd4 Nxd4+ 30. Rxd4 Rfd8 31. Rg1 h6 32. Nd6+ Bxd6 33. Rxd6
Nc5 34. Rg7+ Kf8 35. Rc6 Rd3+ 36. Kg4 Rd1 37. Be5 Nd3 38. Bxb8 Kxg7 39. Rxb6
Kf6 40. Rxa6 Rb1 41. Ba7 Rc1 42. Bd4+ Kf7 43. Ra7+ Ke8 44. Rc7 Rc2 45. a4 Rxh2
46. a5 Ra2 47. Bb6 h5+ 48. Kg5 h4 49. Rh7 Ra4 50. Kf6 Nxf4 51. c5 h3 52. c6 1-0

[Event "34 Open Internacional Ciudad de San Seba"]
[Site "Donostia-San Sebastian"]
[Date "2011.04.21"]
[Round "6"]
[White "Dgebuadze, Alexandre"]
[Black "Elsness, Frode"]
[Result "1-0"]
[WhiteElo "2544"]
[BlackElo "2484"]
[PlyCount "51"]
[EventDate "2011.04.16"]
[EventRounds "9"]
[EventCountry "ESP"]

1. e4 e5 2. Nf3 Nc6 3. Bb5 a6 4. Ba4 Nf6 5. O-O Be7 6. Re1 b5 7. Bb3 O-O 8. a4
b4 9. d3 d6 10. Nbd2 Na5 11. Ba2 c5 12. Nc4 Nxc4 13. Bxc4 Be6 14. h3 Ne8 15.
Bxe6 fxe6 16. c3 bxc3 17. bxc3 Qa5 18. Bd2 Rb8 19. d4 c4 20. Ra2 Bf6 21. Qe2
Qc7 22. Bc1 Qc6 23. dxe5 dxe5 24. Ba3 Rf7 25. Bb4 Rd8 26. a5 {Ilegible} 1-0

[Event "34 Open Internacional Ciudad de San Seba"]
[Site "Donostia-San Sebastian"]
[Date "2011.04.21"]
[Round "6"]
[White "Colovic, Aleksandar"]
[Black "Sebenik, Matej"]
[Result "1/2-1/2"]
[WhiteElo "2452"]
[BlackElo "2530"]
[PlyCount "50"]
[EventDate "2011.04.16"]
[EventRounds "9"]
[EventCountry "ESP"]

1. d4 Nf6 2. c4 g6 3. Nf3 Bg7 4. g3 O-O 5. Bg2 d6 6. Nc3 Nbd7 7. O-O e5 8. e4
exd4 9. Nxd4 Re8 10. h3 Nc5 11. Re1 Bd7 12. Kh2 h6 13. Rb1 a5 14. Ndb5 Re5 15.
f3 a4 16. Bf4 Re8 17. Qd2 Kh7 18. Rbd1 Bxb5 19. Nxb5 Nfd7 20. Qc2 Re6 21. Be3
Qb8 22. Nd4 Re7 23. Nb5 Re6 24. Nd4 Re7 25. Nb5 Re6 1/2-1/2